The big screen: (Record no. 181243)

MARC details
000 -LEADER
fixed length control field 00700nam a22001937a 4500
005 - DATE AND TIME OF LATEST TRANSACTION
control field 20210906160507.0
010 ## - LCCN (DPL NO)
LC control number B-741398
020 ## - INTERNATIONAL STANDARD BOOK NUMBER
International Standard Book Number 9780141047126
Terms of availability 599.00
035 ## - SYSTEM CONTROL NUMBER
System control number B-741398
037 ## - SOURCE OF ACQUISITION
Source of stock number/acquisition Gift
082 ## - DEWEY DECIMAL CLASSIFICATION NUMBER
Classification number 791.43
100 ## - MAIN ENTRY--PERSONAL NAME
Personal name Thomson, David
245 ## - TITLE STATEMENT
Title The big screen:
Remainder of title the story of the movies and what they did to us /
Statement of responsibility, etc by David Thomson
260 ## - PUBLICATION, DISTRIBUTION, ETC. (IMPRINT)
Name of publisher, distributor, etc Penguin Book
Place of publication, distribution, etc New Delhi
Date of publication, distribution, etc 2012
270 ## - ADDRESS
Address 11 Community Centre, Panchsheel Park
City New Delhi
Postal code 110017
300 ## - PHYSICAL DESCRIPTION
Extent 595p.:
Dimensions 20cm(pbk)
Other physical details ill.
942 ## - ADDED ENTRY ELEMENTS (KOHA)
Source of classification or shelving scheme Dewey Decimal Classification
Item type English Books
Classification part 791.43
Call number suffix THO
Holdings
Withdrawn status Lost status Not for loan Collection code Home library Current library Date acquired Source of acquisition Cost, normal purchase price Full call number Barcode Copy number Cost, replacement price Koha item type Public note
      Non-fiction Central Library Central Library 06/09/2021 Gift/Eng/18-08-2021 599.00 791.43 THO B-741398 1 599.00 English Books Gift

© Delhi Public Library
Hit Counter
free hit counter